<?xml version="1.0" encoding="UTF-8"?><?xml-stylesheet type="text/xsl" href="static/style.xsl"?><OAI-PMH xmlns="http://www.openarchives.org/OAI/2.0/" xmlns:xsi="http://www.w3.org/2001/XMLSchema-instance" xsi:schemaLocation="http://www.openarchives.org/OAI/2.0/ http://www.openarchives.org/OAI/2.0/OAI-PMH.xsd"><responseDate>2026-04-18T07:31:26Z</responseDate><request verb="GetRecord" identifier="oai:www.recercat.cat:2072/446999" metadataPrefix="marc">https://recercat.cat/oai/request</request><GetRecord><record><header><identifier>oai:recercat.cat:2072/446999</identifier><datestamp>2025-05-08T10:01:28Z</datestamp><setSpec>com_2072_98</setSpec><setSpec>col_2072_378192</setSpec></header><metadata><record xmlns="http://www.loc.gov/MARC21/slim" xmlns:dcterms="http://purl.org/dc/terms/" xmlns:xsi="http://www.w3.org/2001/XMLSchema-instance" xmlns:doc="http://www.lyncode.com/xoai" xsi:schemaLocation="http://www.loc.gov/MARC21/slim http://www.loc.gov/standards/marcxml/schema/MARC21slim.xsd">
   <leader>00925njm 22002777a 4500</leader>
   <datafield ind2=" " ind1=" " tag="042">
      <subfield code="a">dc</subfield>
   </datafield>
   <datafield ind2=" " ind1=" " tag="720">
      <subfield code="a">Yáñez Navarro, Celestino</subfield>
      <subfield code="e">author</subfield>
   </datafield>
   <datafield ind2=" " ind1=" " tag="260">
      <subfield code="c">2012</subfield>
   </datafield>
   <datafield ind2=" " ind1=" " tag="520">
      <subfield code="a">El Archivo de Música de las Catedrales de Zaragoza custodia una relevante colección de manuscritos de música de tecla del siglo XVIII. El presente artículo trata por vez primera una de dichas fuentes, miscelánea (E-Zac, A-1 Ms.1), en la que aparecen, junto a numerosas obras anónimas y copias de composiciones de autores destacados del ámbito local e internacional, obras de compositores activos en la corte de Madrid durante los dos últimos tercios del siglo XVIII, tales como Domenico Scarlatti, el padre Antonio Soler, Manuel Blasco [¿de Nebra?], acaso José de Nebra, fray Joaquín Asiaín, [¿Juan de? ] Sesé y José Moreno y Polo. El manuscrito es especialmente interesante no sólo porque compila tres adagios inéditos de Manuel Blasco que hoy se editan, sino por incorporar algunas sonatas de Scarlatti y Soler con llamativas variantes con respecto a las versiones consideradas autorizadas o de referencia, lo cual otorga un valor añadido a este tipo de recopilaciones -sólo hasta ahora "secundarias"-, sin duda destinadas al uso por parte de los organistas activos en el ámbito eclesiástico</subfield>
   </datafield>
   <datafield ind2=" " ind1=" " tag="520">
      <subfield code="a">The Musical Archive of the Cathedrals of Saragosse (E-Zac) keeps a relevant collection of manuscripts of keyboard music of the 18th century. The present study deals, for the fi rst time, with one of these sources, a miscellaneous one (E-Zac, A-1 Ms.1), in which we can fi nd, together with a number of anonymous works, and copies of musical pieces by outstanding local and internatio-nal composers, musical works by musicians who were developing their careers in the court of Madrid in the last two-thirds of the 18th century. Such were the cases of DomenicoScarlatti, father Antonio Soler, Manuel Blasco (de Nebra?), maybe José de Nebra, Fr. Joaquín Asiaín, (Juan de?) Sesé and José Moreno y Polo.The manuscript is particularly interesting not only for compiling three unknown adagios by Manuel Blasco, published here, but also for introducing some sonatas by Scarlatti and Soler, with amazing variants in comparison with the so called "authorized" or reference versions. This gives an added value to this kind of compilations -considered secondary up to now- with no doubt intended to be used by organist working in an ecclesiastical environment</subfield>
   </datafield>
   <datafield tag="653" ind2=" " ind1=" ">
      <subfield code="a">Tecla</subfield>
   </datafield>
   <datafield tag="653" ind2=" " ind1=" ">
      <subfield code="a">Cuaderno misceláneo</subfield>
   </datafield>
   <datafield tag="653" ind2=" " ind1=" ">
      <subfield code="a">Sonata</subfield>
   </datafield>
   <datafield tag="653" ind2=" " ind1=" ">
      <subfield code="a">Adagio</subfield>
   </datafield>
   <datafield tag="653" ind2=" " ind1=" ">
      <subfield code="a">Domenico Scarlatti</subfield>
   </datafield>
   <datafield tag="653" ind2=" " ind1=" ">
      <subfield code="a">Antonio Soler</subfield>
   </datafield>
   <datafield tag="653" ind2=" " ind1=" ">
      <subfield code="a">Manuel Blasco de Nebra</subfield>
   </datafield>
   <datafield tag="653" ind2=" " ind1=" ">
      <subfield code="a">Zaragoza</subfield>
   </datafield>
   <datafield tag="653" ind2=" " ind1=" ">
      <subfield code="a">Siglo XVIII</subfield>
   </datafield>
   <datafield tag="653" ind2=" " ind1=" ">
      <subfield code="a">Keyboard Music</subfield>
   </datafield>
   <datafield tag="653" ind2=" " ind1=" ">
      <subfield code="a">Miscellaneous album</subfield>
   </datafield>
   <datafield tag="653" ind2=" " ind1=" ">
      <subfield code="a">18th century</subfield>
   </datafield>
   <datafield ind2="0" ind1="0" tag="245">
      <subfield code="a">Obras de Domenico Scarlatti, Antonio Soler y Manuel Blasco [¿de Nebra?] en un manuscrito misceláneo de tecla del Archivo de Música de las Catedrales de Zaragoza</subfield>
   </datafield>
</record></metadata></record></GetRecord></OAI-PMH>